Statistics for "House" in the Answer

Click here to take the quiz!

General Stats

  • This quiz has been taken 48,489 times
    (14,205 since last reset)
  • The average score is 13 of 20

Answer Stats

ClueAnswer% Correct
U.S. President's residenceWhite House
100%
Building for growing plantsGreenhouse
88%
Where ghosts liveHaunted House
87%
Luxury top floor apartmentPenthouse
86%
Beats a flush but not
four of a kind
Full House
79%
Where Barbie livesDoll House
76%
If you live in this, don't
throw stones
Glass House
76%
Harbor beaconLighthouse
70%
Current royal dynasty in the UKHouse of Windsor
69%
The houses of British Parliament
House of Commons
68%
The houses of British Parliament
House of Lords
68%
Often made of graham
crackers instead
Gingerbread House
63%
Large building for storing thingsWarehouse
63%
Fido's abodeDog House
60%
It's considered to be very bad
for a fox to get inside
Henhouse
58%
Where criminals lie lowSafe House
55%
Toga! Toga! Food fight!Animal House
50%
Milan's "La Scala" is a famous
one of these
Opera House
46%
Home for EwoksTree House
38%
She's mighty mighty,
just lettin' it all hang out
Brick House
29%

Score Distribution

Percentile by Number Answered

Percent of People with Each Score

Your Score History

You have not taken this quiz since the last reset